Island Countries Capitals Quiz - Statistics

General Stats
  • This quiz has been taken 55 times
  • The average score is 35 of 47
Answer Stats
Countries Capitals % Correct
Indonesia Jakarta
97%
Philippines Manila
97%
Iceland Reykjavík
97%
Japan Tokyo
97%
New Zealand Wellington
97%
Ireland Dublin
95%
Cuba Havana
95%
Jamaica Kingston
92%
Maldives Malé
92%
Cyprus Nicosia
92%
Singapore Singapore
92%
Malta Valletta
92%
United Kingdom London
89%
Papua NewGuinea Port Moresby
89%
Bahamas Nassau
86%
Haiti Port-au-Prince
86%
DominicanRepublic Santo Domingo
86%
Taiwan Taipei
86%
Madagascar Antananarivo
81%
East Timor Dili
81%
Fiji Suva
78%
Bahrain Manama
76%
São Toméand Príncipe São Tomé
76%
Brunei Bandar SeriBegawan
73%
Barbados Bridgetown
73%
Antigua andBarbuda Saint John's
73%
Sri Lanka Sri JayawardenepuraKotte
70%
Seychelles Victoria
70%
Trinidad andTobago Port-of-Spain
68%
Grenada Saint George's
68%
Mauritius Port Louis
65%
Cape Verde Praia
65%
Dominica Roseau
65%
Kiribati South Tarawa
65%
Samoa Apia
62%
Marshall Islands Majuro
59%
Comoros Moroni
59%
Saint Kittsand Nevis Basseterre
57%
Palau Ngerulmud
57%
Vanuatu Port Vila
57%
Saint Lucia Castries
54%
Tuvalu Funafuti
54%
Tonga Nuku‘alofa
54%
Federated Statesof Micronesia Palikir
54%
Nauru Yaren
54%
Solomon Islands Honiara
51%
Saint Vincent andthe Grenadines Kingstown
51%
No matching quizzes found
Score Distribution
Percent of People with Each Score
Percentile by Number Answered
Your Score History
You have not taken this quiz